000 01447nam a22002537a 4500
005 20211130122030.0
008 211130b ||||| |||| 00| 0 eng d
020 _a8187496576
040 _cAL
041 _aeng
082 _223
_a303.48
_bBALD
100 _aTeo Ballve: Vijay Prashad Ed
_911025
245 _aDispatches From Latin America
260 _aNew Delhi
_bLeftword Books
_c2006
300 _a375 p.
_bHB
_c22x14 cm.
365 _b485.00
_c
_d485.00
520 _aFrom the laboratory of neoliberalism — popularly known as 'globalization' — Latin America has transformed itself into a launching pad for resistance. As globalization began to spread its devastation, robust and thoughtful opposition emerged in response — in the recovered factory movement of Argentina, in the presidential elections of indigenous leaders and radicals like Chavez and Morales, against the privatization of water in Bolivia. In Dispatches from Latin America, 28 authors report on 11 different countries, together mapping the contemporary political and social terrain. This collection offers us a riveting series of accounts that bring new insight into the region's struggles and victories.
650 _aHistory of South America
_911019
650 _aSocial Process
_911020
650 _aAnti Globalization Movement
_911021
650 _aPolitics and Government
_911022
700 _aBALLVE (Teo): PRASHAD (Vijay)
_911023
942 _2ddc
_cGF
999 _c220836
_d220836